000 00802nam a2200253Ia 4500
003 OSt
005 20221002044841.0
006 a|||||r|||| 00| 0
007 ta
008 220930b |||||||| |||| 00| 0 eng d
020 _a9780190885007 (pbk)
_cINR 1495.00
024 _a37796
037 _b337, 28/02/2018, Classic Book Service
_cReference Collections
040 _aCRL
_cCRL
_beng
041 _2eng
_aeng
082 _aR6g, Q7(RR)
100 _aGaneri Jonardon Ed.
245 0 _aOxford handbook of Indian philosophy
260 _aNew Delhi
_bOxford University Press
_c2017
300 _axvii,807p.
_ccm.
650 _aINDIAN PHILOSOPHY
942 _hR6g, Q7(RR)
_cref
_2CC
999 _c911298
_d911298